00337 2200145 4500001002100000005001500021035002000036245003500056100001800091300001200109260003600121082000800157084001400165990001200179INLIS00000000000236620250528112219 a0010-05250006581 aPerihal Cinta /cKahlil Gibran0 aKahlil Gibran a143 hlm aYogyakarta :bDiva Press,c2004 a813 a813 KAH p a0712651